Quiz piłkarski 22! - Statystyki

Ogólne statystyki
  • Ten quiz został rozwiązany 43 razy
  • Średni wynik to 8 z 19
Statystyki odpowiedzi
Zawodnik Klub % Poprawnych
Morientes Real Madryt
90%
Ole Gunnar Solskjær Manchester United
81%
Antonio Di Natale Udinese
79%
Freddie Ljunberg Arsenal
64%
Joe Cole Chelsea
60%
Jürgen Kohler Borussia D
57%
David Ginola PSG
57%
Tim Cahill Everton/Milwall
50%
Lars Ricken Borussia D
48%
Ivan Cordoba Inter
45%
Mario Gomez Stuttgart
38%
Jerzy Dudek Feyenoord
36%
Robbie Keane Tottenham
36%
Clint Dempsey Fulham
14%
Aleksandr Mostovoi Celta Vigo
12%
Abedi Pele OM
12%
Sami Al-Jaber Al Hilal
5%
Diego Milito Racing Club
5%
Jorge Campos UNAM
0%
Nie znaleziono quizów pasujących do podanych kryteriów
Rozkład punktacji
Procent ludzi z każdym wynikiem
Percentyl według liczby udzielonych odpowiedzi
Twoja historia wyników
Nie rozwiązałeś tego quizu